000 00304nam a22001337a 4500
008 170216b xxu||||| |||| 00| 0 eng d
020 _a9780763763817
041 _aeng
080 _23RD
_a61
100 _a4
101 _aSHM
245 _aINTRODUCTION TO PUBLIC HEALTH
_cSCHNEIDER, M.J
942 _2udc
_cBK
999 _c5639
_d5639